00327nam a22001097a 4500020001800000040000900018082002000027100001800047245006200065260002800127650006200155 a9780803120396 cNust a620.189322bLIF aW. S. Johnson aife Prediction Methodology for Titanium Matrix Composites aUSA:bAstm Intl,c1996. aife Prediction Methodology for Titanium Matrix Composites